Southville International School and Colleges
Your cart is empty.
  • Cart
  • Lists
    Public lists Eva Luna New books Lux_list list_1
    Your lists Log in to create your own lists
  • Log in to your account
  • Your cookies
  • Search history
Southville International School and Colleges
  • Advanced search
  • Recent comments
  • Most popular
  • Libraries

Log in to your account

Log in with GOOGLE


If you do not have an external account, but do have a local account, you can still log in:

  1. Home
  2. MARC view: On caring :
Normal view MARC view ISBD view

On caring : (Record no. 16497)

[ view plain ]
MARC details
000 -LEADER
fixed length control field 00868cam a22002777a 4500
001 - CONTROL NUMBER
control field 112489
003 - CONTROL NUMBER IDENTIFIER
control field Ost
005 - DATE AND TIME OF LATEST TRANSACTION
control field 20140310182826.0
008 - FIXED-LENGTH DATA ELEMENTS--GENERAL INFORMATION
fixed length control field 970908s1971 sdua 000 0 eng
010 ## - LIBRARY OF CONGRESS CONTROL NUMBER
LC control number 97060847
020 ## - INTERNATIONAL STANDARD BOOK NUMBER
International Standard Book Number 0060802421
040 ## - CATALOGING SOURCE
Original cataloging agency DLC
Transcribing agency DLC
050 00 - LIBRARY OF CONGRESS CALL NUMBER
Classification number BV 4639
Item number .M468 1971
082 ## - DEWEY DECIMAL CLASSIFICATION NUMBER
Classification number M 241.633
Item number M45 1971
245 00 - TITLE STATEMENT
Title On caring :
Statement of responsibility, etc Mayeroff, Milton
260 ## - PUBLICATION, DISTRIBUTION, ETC. (IMPRINT)
Place of publication, distribution, etc New York :
Name of publisher, distributor, etc Perennial Library,
Date of publication, distribution, etc c1971
300 ## - PHYSICAL DESCRIPTION
Extent 91 p. :
Other physical details ill. (some col.) ;
Dimensions 29 cm.
521 ## - TARGET AUDIENCE NOTE
Target audience note
526 ## - STUDY PROGRAM INFORMATION NOTE
Reading level 0L to 1700L
541 ## - IMMEDIATE SOURCE OF ACQUISITION NOTE
-- 1
562 ## - COPY AND VERSION IDENTIFICATION NOTE
Number of copies for circulation. 1 copy available in the collection
710 2# - ADDED ENTRY--CORPORATE NAME
Corporate name or jurisdiction name as entry element Good Samaritan Society (Sioux Falls, S.D.)
906 ## - LOCAL DATA ELEMENT F, LDF (RLIN)
a 7
b cbc
c orignew
d 4
e opcn
f 19
g y-gencatlg
942 ## - ADDED ENTRY ELEMENTS (KOHA)
Source of classification or shelving scheme Library of Congress Classification
Koha item type Books
Call number prefix
Holdings
Withdrawn status Lost status Source of classification or shelving scheme Damaged status Home library Current library Shelving location Date acquired Total Checkouts Full call number Barcode Date last seen Copy number Price effective from Koha item type
    Library of Congress Classification   College Library College Library General Circulation Section 05/28/2013   BV 4639 .M468 1971 C2141 05/15/2018 1 05/28/2013 Books

On caring :

APA

Good Samaritan Society (Sioux Falls S., . (1971). On caring. New York: Perennial Library.

Chicago

Good Samaritan Society (Sioux Falls S.D.), . 1971. On caring. New York: Perennial Library.

Harvard

Good Samaritan Society (Sioux Falls S., . (1971). On caring. New York: Perennial Library.

MLA

Good Samaritan Society (Sioux Falls S.D.), . On caring. New York: Perennial Library. 1971.

  • Place hold
  • Print
  • Cite
  • Add to your cart (remove)
  • Save record
    BIBTEX Dublin Core MARCXML MARC (non-Unicode/MARC-8) MARC (Unicode/UTF-8) MARC (Unicode/UTF-8, Standard) MODS (XML) RIS
  • More searches
    Search for this title in:
    Other Libraries (WorldCat) Other Databases (Google Scholar) Online Stores (Bookfinder.com) Open Library (openlibrary.org)

Exporting to Dublin Core...

SOUTHVILLE LIBRARY

Southville International School and Colleges Library

1281 Tropical Ave. Cor. Luxembourg St., BF Homes International, Las Pinas City

Tel. No. 8256374 / 252358 Loc. 117/146

Powered by Koha